000 00566nam a22001577a 4500
003 NUST
038 _aNusrat Nadeem
082 _a200
100 _aNusrat Jabeen,
_9133400
245 _aThermal Management and Electrical Efficiency Enhancement of Conventional PV Modules using Nano Fluids and Phase Change Material/
_cJabeen, Nusrat
264 _aIslamabad;
_bUSPCASE NUST
_c2026.
650 _aPhD-Energy Systems Engineering
_9123158
700 _aSupervisor: Dr. Adeel Waqas
856 _uhttp://10.250.8.41:8080/xmlui/handle/123456789/57204
942 _2ddc
_cSC
999 _c616360
_d616360